Sports Quiz

Random Sports or Europe Quiz

European Cup Winners Quiz Stats

 Plays Quiz Updated Jan 27, 2019

Support Sporcle.
Go Orange.
Score 0/22 Timer 04:00
9 Plays Today
% Correct
Manchester United
93.4%
Real Madrid
93.4%
Liverpool
93%
Barcelona
92.7%
AC Milan
92.6%
Bayern Munich
92.4%
Chelsea
91.8%
Juventus
91.1%
Ajax
88.2%
Internazionale
85.9%
Porto
83.9%
% Correct
Nottingham Forest
79.3%
Borussia Dortmund
79.2%
Benfica
74.4%
Celtic
73.9%
Marseille
70.9%
Aston Villa
70.8%
Red Star Belgrade
65.7%
PSV Eindhoven
65.4%
Steaua Bucure┼čti
56.4%
Hamburg
55.6%
Feyenoord
54.4%

You're not logged in!

Compare scores with friends on all Sporcle quizzes.
OR
Log In
Forgot?

From the Vault

Guess Who in 3 Words

by MSUKent

If someone is summing up your life in three words, you better hope that they're good ones.
Remove Ads.
Support Sporcle.
Get the best of Sporcle when you Go Orange. This ad-free experience offers more features, more stats, and more fun while also helping to support Sporcle. Thank you for becoming a member.

Show Comments

Extras

Top Quizzes Today


Score Distribution

Your Account Isn't Verified!

In order to create a playlist on Sporcle, you need to verify the email address you used during registration. Go to your Sporcle Settings to finish the process.

Report this User

Report this user for behavior that violates our Community Guidelines.

Details: